Un yanqui en la corte del rey Arturo / (Registro nro. 8640)

Detalles MARC
000 -LIDER
fixed length control field 00930nam a22002897a 4500
001 - NÚMERO DE CONTROL
Identificador de número de control 21030
003 - IDENTIFICACDOR DE NÚMERO DE CONTROL
control field DO-SdBNP
005 - DATE AND TIME OF LATEST TRANSACTION
control field 20221104121737.0
007 - CAMPOS FIJOS DE DESCRIPCIÓN FÍSICA
fixed length control field 21030
008 - ELEMENTOS DE LONGITUD FIJA
fixed length control field 001031sb1999 sp |||| ||spa
020 ## - ISBN
International Standard Book Number 8437617421
040 ## - FUENTE DE CATALOGACIÓN
Agencia que crea de manera original el registro BPMSU
Idioma de catalogación spa
Agencia que realiza la transcripción BPMSU
082 ## - NÚMERO DE CLASIFICACIÓN DECIMAL DE DEWEY
Classification number 813.4
Item number T969u 1999
Edition number 22
100 1# - ASIENTO PRINCIPAL -- NOMBRE PERSONAL
Nombre personal Twain, Mark,
Fechas asociadas con el nombre 1835-1910.
245 13 - MENCIÓN DE TITULO
Título Un yanqui en la corte del rey Arturo /
Mención de responsabilidad Mark Twain ; [traducción, Juan Fernando Merino]
260 ## - PUBLICACIÓN, DISTRIBUCIÓN, ETC. (PIE DE IMPRENTA)
Lugar de publicación, distribución, etc Madrid :
Nombre del editor, distribuidor, etc. Catedra,
Fecha de publicación, distribución, etc 1999.
300 ## - DESCRIPCIÓN FÍSICA
Extensión 448 p. ;
Dimensiones 20 cm.
490 0# - MENCIÓN DE SERIES
Mención de serie Letras universales
Volume/sequential designation 282
500 ## - NOTA GENERAL
Materiales especificados Incluye referencias bibliográficas y notas al pie de las páginas
534 ## - NOTA SOBRE LA VERSIÓN ORIGINAL
Asiento principal del original Titulo original :
Mención del título original Connecticut yankee in the Arthur's court.
590 ## - NOTA LOCAL
Enlace Inventariado, 2022/VM
650 #4 - ENCABEZAMIENTO DE MATERIA--TEMÁTICO
Término temático o nombre geográfico como elemento de entrada Novela estadounidense
650 #4 - ENCABEZAMIENTO DE MATERIA--TEMÁTICO
Término temático o nombre geográfico como elemento de entrada Reyes y soberanos
Subdivisión de forma Novela.
700 1# - ASIENTO SECUNDARIO -- NOMBRE PERSONAL
Nombre personal Merino, Juan Fernando
Clave musical tr.
Calificativo de atribución
910 ## - VALIDACIÓN
Validación VMateo V./Validado
942 ## - ADDED ENTRY ELEMENTS (KOHA)
Source of classification or shelving scheme Dewey Decimal Classification
Koha item type Libros
Existencias
Withdrawn status Lost status Source of classification or shelving scheme Damaged status Not for loan Collection code Home library Current library Date acquired Source of acquisition Full call number Barcode Date last seen Price effective from Koha item type Copy number
    Dewey Decimal Classification     Colección General Biblioteca Pública Metropolitana Salomé Ureña Biblioteca Pública Metropolitana Salomé Ureña 11/11/2015 Fundación Educativa y Cultural BPMSU CG 813.4 T969u 1999 BPMSU15110185 11/11/2015 11/11/2015 Libros  
    Dewey Decimal Classification     Colección General Biblioteca Pública Metropolitana Salomé Ureña Biblioteca Pública Metropolitana Salomé Ureña 11/11/2015 Fundación Educativa y Cultural BPMSU CG 813.4 T969u 1999 BPMSU15110186 11/11/2015 11/11/2015 Libros e.2